3D through the wall microwave imaging / (Record no. 188973)

000 -LEADER
fixed length control field 00777 a2200193 4500
003 - CONTROL NUMBER IDENTIFIER
control field NUST
005 - DATE AND TIME OF LATEST TRANSACTION
control field 20251124170051.0
040 ## - CATALOGING SOURCE
Transcribing agency Nust
082 ## - DEWEY DECIMAL CLASSIFICATION NUMBER
Classification number 621.382,SHA
100 ## - MAIN ENTRY--PERSONAL NAME
Personal name Shafi, Nimra (TCC-19)
9 (RLIN) 132042
245 ## - TITLE STATEMENT
Title 3D through the wall microwave imaging /
Statement of responsibility, etc. Nimra Shafi, Beenish Noor, Usman Mirza and Muhammad Ali Chatta
260 ## - PUBLICATION, DISTRIBUTION, ETC.
Place of publication, distribution, etc. Rawalpindi
Name of publisher, distributor, etc. MCS (NUST)
Date of publication, distribution, etc. August 2011
300 ## - PHYSICAL DESCRIPTION
Other physical details xi, 60 p.;
505 ## - FORMATTED CONTENTS NOTE
Formatted contents note Overview (Page-1), Background (Page-5), 2-D Beamforming Code Optimization (Page-12), Implementation of 2D Beamforming on DSP Kit (Page-21), #D Beamforming (Page-36), Future Work (Page-51), References (Page-53).
650 ## - SUBJECT ADDED ENTRY--TOPICAL TERM
Topical term or geographic name entry element UG Projects
9 (RLIN) 98716
651 ## - SUBJECT ADDED ENTRY--GEOGRAPHIC NAME
Geographic name TCC-19
9 (RLIN) 106901
700 ## - ADDED ENTRY--PERSONAL NAME
Personal name Supervised by Dr. Naveed Iqbal Rao
9 (RLIN) 132043
942 ## - ADDED ENTRY ELEMENTS (KOHA)
Koha item type Project Report
Source of classification or shelving scheme
Holdings
Withdrawn status Lost status Source of classification or shelving scheme Damaged status Not for loan Permanent Location Current Location Shelving location Date acquired Full call number Barcode Date last seen Price effective from Koha item type Public note
          Military College of Signals (MCS) Military College of Signals (MCS) Reference 12/12/2016 621.382,SHA MCSPTC-133 12/08/2016 12/12/2016 Project Report Almirah No. 94, Shelf No. 3
© 2023 Central Library, National University of Sciences and Technology. All Rights Reserved.